000 01065nam a2200301 i 4500
003 DO-SdBNP
005 20250430112624.0
007 ta
008 241216s2011 dr a r 00 0 spa d
020 _a9789993449812
040 _aDO-SdBNP
_bspa
_cBNPHU
_erda
041 _aspa
082 4 _aRD863.44
_bP426a
_222
100 1 _aPeralta Romero, Rafael,
_d1948-
_eautor
_4aut.
_979774
245 1 0 _aA la orilla de la mar :
_b(cuentos para niños) /
_cRafael Peralta Romero ; ilustraciones, Ana María Coen
264 4 _aSanto Domingo :
_bEditorial Gente,
_c®2011.
300 _a95 páginas :
_bilustraciones,
_c23 cm.
336 _atexto
_btxt
_2rdacontent
337 _asin mediación
_bn
_2rdamedia
338 _avolumen
_bnc
_2rdacarrier
500 _aIncluye datos biográficos de los autor en las solapas
590 _aInventariado, 2024 / YL
650 4 _aCuentos infantiles
_9440
650 4 _aLiteratura infantil
_92053
700 1 _aCoen, Ana María,
_917141
_eilustrador
_4il.
910 _aYLockward/Validado. Control de caliad MFF
942 _2ddc
_cLBS1
999 _c57955
_d57955